000 00803cam a22002411 4500
001 sa 68013669
003 DLC
005 20260227112623.0
008 930729s1966 io 000 0 ind
010 _asa 68013669
025 _aPL480:Indo-4276
035 _a(OCoLC)28539092
040 _aDLC
_cCU
_dCU
_dDLC
050 0 0 _aDS625
_b.S55 1966
100 1 _aMuljana, Slamet,
_d1922-1986.
245 1 0 _aPolitik bahasa nasional,
_coleh Slametmuljana.
250 _a[Tjet. 2.
260 _aDjakarta]
_bDjambatan
_c[1966]
300 _a52 p.
_c22 cm.
500 _a"Pidato penerimaan djabatan guru besar dalam bahasa Indonesia pada Fakultas Sastra, Universitas Indonesia, diutjapkan pada tanggal 16 Mei 1959."
651 0 _aIndonesia
_xLanguages.
650 0 _aLanguage and languages
_xPolitical aspects.
999 _c85246
_d85246